<?xml version="1.0" encoding="UTF-8"?>
<record
    xmlns:xsi="http://www.w3.org/2001/XMLSchema-instance"
    xsi:schemaLocation="http://www.loc.gov/MARC21/slim http://www.loc.gov/standards/marcxml/schema/MARC21slim.xsd"
    xmlns="http://www.loc.gov/MARC21/slim">

  <leader>00981nam a2200277Ia 4500</leader>
  <controlfield tag="005">20170706104739.0</controlfield>
  <datafield tag="010" ind1=" " ind2=" ">
    <subfield code="a">BAC-EN21      ENG-111800</subfield>
  </datafield>
  <datafield tag="020" ind1=" " ind2=" ">
    <subfield code="a">9789332516953</subfield>
    <subfield code="c">245.00</subfield>
  </datafield>
  <datafield tag="035" ind1=" " ind2=" ">
    <subfield code="a">EN-95332</subfield>
  </datafield>
  <datafield tag="035" ind1=" " ind2=" ">
    <subfield code="a">B-589845-884</subfield>
  </datafield>
  <datafield tag="035" ind1=" " ind2=" ">
    <subfield code="a">B-668098</subfield>
  </datafield>
  <datafield tag="037" ind1=" " ind2=" ">
    <subfield code="b">Techniz/Ven</subfield>
    <subfield code="a">dpl</subfield>
  </datafield>
  <datafield tag="037" ind1=" " ind2=" ">
    <subfield code="b">DBAD/PUB</subfield>
  </datafield>
  <datafield tag="082" ind1=" " ind2=" ">
    <subfield code="a">510</subfield>
  </datafield>
  <datafield tag="100" ind1=" " ind2=" ">
    <subfield code="a">Lakin, Steve </subfield>
  </datafield>
  <datafield tag="245" ind1=" " ind2=" ">
    <subfield code="a">How to improve your maths skills /</subfield>
    <subfield code="c">by Steve Lakin</subfield>
  </datafield>
  <datafield tag="260" ind1=" " ind2=" ">
    <subfield code="c">2014</subfield>
    <subfield code="a">New Delhi</subfield>
    <subfield code="b">Pearson India</subfield>
  </datafield>
  <datafield tag="270" ind1=" " ind2=" ">
    <subfield code="a">11 Community Centre,Panchsheel Park</subfield>
    <subfield code="b">New Delhi</subfield>
    <subfield code="e">110017</subfield>
  </datafield>
  <datafield tag="300" ind1=" " ind2=" ">
    <subfield code="c">22cm(pbk)</subfield>
    <subfield code="a">xi,211p. </subfield>
  </datafield>
  <datafield tag="490" ind1=" " ind2=" ">
    <subfield code="a">Smarter study skills</subfield>
  </datafield>
  <datafield tag="650" ind1=" " ind2=" ">
    <subfield code="a">Mathematical ability.</subfield>
  </datafield>
  <datafield tag="650" ind1=" " ind2=" ">
    <subfield code="a"> Mathematics.</subfield>
  </datafield>
  <datafield tag="942" ind1=" " ind2=" ">
    <subfield code="c">EN</subfield>
    <subfield code="2">ddc</subfield>
    <subfield code="m">LAK</subfield>
    <subfield code="h">510</subfield>
  </datafield>
  <datafield tag="999" ind1=" " ind2=" ">
    <subfield code="c">88169</subfield>
    <subfield code="d">88169</subfield>
  </datafield>
  <datafield tag="952" ind1=" " ind2=" ">
    <subfield code="0">0</subfield>
    <subfield code="1">0</subfield>
    <subfield code="4">0</subfield>
    <subfield code="7">1</subfield>
    <subfield code="8">NFIC</subfield>
    <subfield code="a">DBAD</subfield>
    <subfield code="b">DBAD</subfield>
    <subfield code="d">2015-01-22</subfield>
    <subfield code="e">DBAD/PUB</subfield>
    <subfield code="g">245.00</subfield>
    <subfield code="l">0</subfield>
    <subfield code="o">510 LAK</subfield>
    <subfield code="p">EN-95332</subfield>
    <subfield code="r">2015-01-22 00:00:00</subfield>
    <subfield code="t">1</subfield>
    <subfield code="v">245.00</subfield>
    <subfield code="y">EN</subfield>
  </datafield>
  <datafield tag="952" ind1=" " ind2=" ">
    <subfield code="0">0</subfield>
    <subfield code="1">0</subfield>
    <subfield code="4">0</subfield>
    <subfield code="7">0</subfield>
    <subfield code="8">NFIC</subfield>
    <subfield code="a">L</subfield>
    <subfield code="b">L</subfield>
    <subfield code="d">2015-03-19</subfield>
    <subfield code="e">Techniz Books/TZ-14201/24.12.2014/189/08.12.2014/15.01.2015</subfield>
    <subfield code="g">245.00</subfield>
    <subfield code="l">0</subfield>
    <subfield code="o">510 LAK</subfield>
    <subfield code="p">B-589845</subfield>
    <subfield code="r">2015-03-19 00:00:00</subfield>
    <subfield code="t">1</subfield>
    <subfield code="v">245.00</subfield>
    <subfield code="w">2015-03-19</subfield>
    <subfield code="y">EN</subfield>
    <subfield code="z">Legal Case (Register 2018)</subfield>
  </datafield>
  <datafield tag="952" ind1=" " ind2=" ">
    <subfield code="0">0</subfield>
    <subfield code="1">0</subfield>
    <subfield code="4">0</subfield>
    <subfield code="7">1</subfield>
    <subfield code="8">REF</subfield>
    <subfield code="a">L</subfield>
    <subfield code="b">L</subfield>
    <subfield code="d">2015-03-19</subfield>
    <subfield code="e">Techniz Books/TZ-14201/24.12.2014/189/08.12.2014/15.01.2015</subfield>
    <subfield code="g">245.00</subfield>
    <subfield code="l">0</subfield>
    <subfield code="o">510 LAK</subfield>
    <subfield code="p">B-589846</subfield>
    <subfield code="r">2015-03-19 00:00:00</subfield>
    <subfield code="t">1</subfield>
    <subfield code="v">245.00</subfield>
    <subfield code="y">EN</subfield>
  </datafield>
  <datafield tag="952" ind1=" " ind2=" ">
    <subfield code="0">0</subfield>
    <subfield code="1">0</subfield>
    <subfield code="4">0</subfield>
    <subfield code="7">0</subfield>
    <subfield code="8">NFIC</subfield>
    <subfield code="a">M</subfield>
    <subfield code="b">M</subfield>
    <subfield code="d">2015-03-19</subfield>
    <subfield code="e">Techniz Books/TZ-14201/24.12.2014/189/08.12.2014/15.01.2015</subfield>
    <subfield code="g">245.00</subfield>
    <subfield code="l">0</subfield>
    <subfield code="o">510 LAK</subfield>
    <subfield code="p">B-589847</subfield>
    <subfield code="r">2015-03-19 00:00:00</subfield>
    <subfield code="t">4</subfield>
    <subfield code="v">245.00</subfield>
    <subfield code="y">EN</subfield>
  </datafield>
  <datafield tag="952" ind1=" " ind2=" ">
    <subfield code="0">0</subfield>
    <subfield code="1">0</subfield>
    <subfield code="4">0</subfield>
    <subfield code="7">0</subfield>
    <subfield code="8">NFIC</subfield>
    <subfield code="a">M</subfield>
    <subfield code="b">M</subfield>
    <subfield code="d">2015-03-19</subfield>
    <subfield code="e">Techniz Books/TZ-14201/24.12.2014/189/08.12.2014/15.01.2015</subfield>
    <subfield code="g">245.00</subfield>
    <subfield code="l">0</subfield>
    <subfield code="o">510 LAK</subfield>
    <subfield code="p">B-589848</subfield>
    <subfield code="r">2015-03-19 00:00:00</subfield>
    <subfield code="t">4</subfield>
    <subfield code="v">245.00</subfield>
    <subfield code="y">EN</subfield>
  </datafield>
  <datafield tag="952" ind1=" " ind2=" ">
    <subfield code="0">0</subfield>
    <subfield code="1">0</subfield>
    <subfield code="4">0</subfield>
    <subfield code="7">0</subfield>
    <subfield code="8">NFIC</subfield>
    <subfield code="a">M</subfield>
    <subfield code="b">M</subfield>
    <subfield code="d">2015-03-19</subfield>
    <subfield code="e">Techniz Books/TZ-14201/24.12.2014/189/08.12.2014/15.01.2015</subfield>
    <subfield code="g">245.00</subfield>
    <subfield code="l">0</subfield>
    <subfield code="o">510 LAK</subfield>
    <subfield code="p">B-589849</subfield>
    <subfield code="r">2015-03-19 00:00:00</subfield>
    <subfield code="t">4</subfield>
    <subfield code="v">245.00</subfield>
    <subfield code="y">EN</subfield>
  </datafield>
  <datafield tag="952" ind1=" " ind2=" ">
    <subfield code="0">0</subfield>
    <subfield code="1">0</subfield>
    <subfield code="4">0</subfield>
    <subfield code="7">0</subfield>
    <subfield code="8">NFIC</subfield>
    <subfield code="a">M</subfield>
    <subfield code="b">M</subfield>
    <subfield code="d">2015-03-19</subfield>
    <subfield code="e">Techniz Books/TZ-14201/24.12.2014/189/08.12.2014/15.01.2015</subfield>
    <subfield code="g">245.00</subfield>
    <subfield code="l">0</subfield>
    <subfield code="o">510 LAK</subfield>
    <subfield code="p">B-589850</subfield>
    <subfield code="r">2015-03-19 00:00:00</subfield>
    <subfield code="t">4</subfield>
    <subfield code="v">245.00</subfield>
    <subfield code="y">EN</subfield>
  </datafield>
  <datafield tag="952" ind1=" " ind2=" ">
    <subfield code="0">0</subfield>
    <subfield code="1">0</subfield>
    <subfield code="4">0</subfield>
    <subfield code="7">0</subfield>
    <subfield code="8">NFIC</subfield>
    <subfield code="a">NPL</subfield>
    <subfield code="b">NPL</subfield>
    <subfield code="d">2015-03-19</subfield>
    <subfield code="e">Techniz Books/TZ-14201/24.12.2014/189/08.12.2014/15.01.2015</subfield>
    <subfield code="g">245.00</subfield>
    <subfield code="l">0</subfield>
    <subfield code="o">510 LAK</subfield>
    <subfield code="p">B-589851</subfield>
    <subfield code="r">2015-03-19 00:00:00</subfield>
    <subfield code="t">1</subfield>
    <subfield code="v">245.00</subfield>
    <subfield code="y">EN</subfield>
  </datafield>
  <datafield tag="952" ind1=" " ind2=" ">
    <subfield code="0">0</subfield>
    <subfield code="1">0</subfield>
    <subfield code="4">0</subfield>
    <subfield code="7">0</subfield>
    <subfield code="8">NFIC</subfield>
    <subfield code="a">BL1</subfield>
    <subfield code="b">BL1</subfield>
    <subfield code="d">2015-03-19</subfield>
    <subfield code="e">Techniz Books/TZ-14201/24.12.2014/189/08.12.2014/15.01.2015</subfield>
    <subfield code="g">245.00</subfield>
    <subfield code="l">17</subfield>
    <subfield code="m">15</subfield>
    <subfield code="o">510 LAK</subfield>
    <subfield code="p">B-589852</subfield>
    <subfield code="r">2024-10-25 00:00:00</subfield>
    <subfield code="s">2024-09-19</subfield>
    <subfield code="t">1</subfield>
    <subfield code="v">245.00</subfield>
    <subfield code="y">EN</subfield>
  </datafield>
  <datafield tag="952" ind1=" " ind2=" ">
    <subfield code="0">0</subfield>
    <subfield code="1">0</subfield>
    <subfield code="4">0</subfield>
    <subfield code="7">0</subfield>
    <subfield code="8">NFIC</subfield>
    <subfield code="a">KGM</subfield>
    <subfield code="b">KGM</subfield>
    <subfield code="d">2015-03-19</subfield>
    <subfield code="e">Techniz Books/TZ-14201/24.12.2014/189/08.12.2014/15.01.2015</subfield>
    <subfield code="g">245.00</subfield>
    <subfield code="l">0</subfield>
    <subfield code="o">510 LAK</subfield>
    <subfield code="p">B-589853</subfield>
    <subfield code="r">2015-03-19 00:00:00</subfield>
    <subfield code="t">1</subfield>
    <subfield code="v">245.00</subfield>
    <subfield code="y">EN</subfield>
  </datafield>
  <datafield tag="952" ind1=" " ind2=" ">
    <subfield code="0">0</subfield>
    <subfield code="1">0</subfield>
    <subfield code="4">0</subfield>
    <subfield code="7">0</subfield>
    <subfield code="8">NFIC</subfield>
    <subfield code="a">PR</subfield>
    <subfield code="b">PR</subfield>
    <subfield code="d">2015-03-19</subfield>
    <subfield code="e">Techniz Books/TZ-14201/24.12.2014/189/08.12.2014/15.01.2015</subfield>
    <subfield code="g">245.00</subfield>
    <subfield code="l">0</subfield>
    <subfield code="o">510 LAK</subfield>
    <subfield code="p">B-589854</subfield>
    <subfield code="r">2015-03-19 00:00:00</subfield>
    <subfield code="t">1</subfield>
    <subfield code="v">245.00</subfield>
    <subfield code="y">EN</subfield>
  </datafield>
  <datafield tag="952" ind1=" " ind2=" ">
    <subfield code="0">0</subfield>
    <subfield code="1">0</subfield>
    <subfield code="4">0</subfield>
    <subfield code="7">0</subfield>
    <subfield code="8">NFIC</subfield>
    <subfield code="a">TN</subfield>
    <subfield code="b">TN</subfield>
    <subfield code="d">2015-03-19</subfield>
    <subfield code="e">Techniz Books/TZ-14201/24.12.2014/189/08.12.2014/15.01.2015</subfield>
    <subfield code="g">245.00</subfield>
    <subfield code="l">2</subfield>
    <subfield code="o">510 LAK</subfield>
    <subfield code="p">B-589855</subfield>
    <subfield code="r">2025-01-07 00:00:00</subfield>
    <subfield code="s">2024-09-25</subfield>
    <subfield code="t">1</subfield>
    <subfield code="v">245.00</subfield>
    <subfield code="y">EN</subfield>
  </datafield>
  <datafield tag="952" ind1=" " ind2=" ">
    <subfield code="0">0</subfield>
    <subfield code="1">0</subfield>
    <subfield code="4">0</subfield>
    <subfield code="7">0</subfield>
    <subfield code="8">NFIC</subfield>
    <subfield code="a">CJ</subfield>
    <subfield code="b">CJ</subfield>
    <subfield code="d">2015-03-19</subfield>
    <subfield code="e">Techniz Books/TZ-14201/24.12.2014/189/08.12.2014/15.01.2015</subfield>
    <subfield code="g">245.00</subfield>
    <subfield code="l">6</subfield>
    <subfield code="m">2</subfield>
    <subfield code="o">510 LAK</subfield>
    <subfield code="p">B-589856</subfield>
    <subfield code="r">2021-08-02 00:00:00</subfield>
    <subfield code="s">2021-07-19</subfield>
    <subfield code="t">1</subfield>
    <subfield code="v">245.00</subfield>
    <subfield code="y">EN</subfield>
  </datafield>
  <datafield tag="952" ind1=" " ind2=" ">
    <subfield code="0">0</subfield>
    <subfield code="1">0</subfield>
    <subfield code="4">0</subfield>
    <subfield code="7">0</subfield>
    <subfield code="8">NFIC</subfield>
    <subfield code="a">DIZ</subfield>
    <subfield code="b">DIZ</subfield>
    <subfield code="d">2015-03-19</subfield>
    <subfield code="e">Techniz Books/TZ-14201/24.12.2014/189/08.12.2014/15.01.2015</subfield>
    <subfield code="g">245.00</subfield>
    <subfield code="l">3</subfield>
    <subfield code="o">510 LAK</subfield>
    <subfield code="p">B-589857</subfield>
    <subfield code="r">2020-02-18 00:00:00</subfield>
    <subfield code="s">2020-02-06</subfield>
    <subfield code="t">1</subfield>
    <subfield code="v">245.00</subfield>
    <subfield code="y">EN</subfield>
  </datafield>
  <datafield tag="952" ind1=" " ind2=" ">
    <subfield code="0">0</subfield>
    <subfield code="1">0</subfield>
    <subfield code="4">0</subfield>
    <subfield code="7">0</subfield>
    <subfield code="8">NFIC</subfield>
    <subfield code="a">JP</subfield>
    <subfield code="b">JP</subfield>
    <subfield code="d">2015-03-19</subfield>
    <subfield code="e">Techniz Books/TZ-14201/24.12.2014/189/08.12.2014/15.01.2015</subfield>
    <subfield code="g">245.00</subfield>
    <subfield code="l">37</subfield>
    <subfield code="m">20</subfield>
    <subfield code="o">510 LAK</subfield>
    <subfield code="p">B-589858</subfield>
    <subfield code="r">2024-02-10 00:00:00</subfield>
    <subfield code="s">2024-01-27</subfield>
    <subfield code="t">1</subfield>
    <subfield code="v">245.00</subfield>
    <subfield code="y">EN</subfield>
  </datafield>
  <datafield tag="952" ind1=" " ind2=" ">
    <subfield code="0">0</subfield>
    <subfield code="1">0</subfield>
    <subfield code="4">0</subfield>
    <subfield code="7">0</subfield>
    <subfield code="8">NFIC</subfield>
    <subfield code="a">ZLS</subfield>
    <subfield code="b">ZLS</subfield>
    <subfield code="d">2015-03-19</subfield>
    <subfield code="e">Techniz Books/TZ-14201/24.12.2014/189/08.12.2014/15.01.2015</subfield>
    <subfield code="g">245.00</subfield>
    <subfield code="l">5</subfield>
    <subfield code="m">3</subfield>
    <subfield code="o">510 LAK</subfield>
    <subfield code="p">B-589859</subfield>
    <subfield code="r">2023-09-27 00:00:00</subfield>
    <subfield code="s">2023-08-25</subfield>
    <subfield code="t">1</subfield>
    <subfield code="v">245.00</subfield>
    <subfield code="y">EN</subfield>
  </datafield>
  <datafield tag="952" ind1=" " ind2=" ">
    <subfield code="0">0</subfield>
    <subfield code="1">0</subfield>
    <subfield code="4">0</subfield>
    <subfield code="7">0</subfield>
    <subfield code="8">NFIC</subfield>
    <subfield code="a">RKP</subfield>
    <subfield code="b">RKP</subfield>
    <subfield code="d">2015-03-19</subfield>
    <subfield code="e">Techniz Books/TZ-14201/24.12.2014/189/08.12.2014/15.01.2015</subfield>
    <subfield code="g">245.00</subfield>
    <subfield code="l">1</subfield>
    <subfield code="o">510 LAK</subfield>
    <subfield code="p">B-589860</subfield>
    <subfield code="r">2019-11-14 00:00:00</subfield>
    <subfield code="s">2019-10-29</subfield>
    <subfield code="t">1</subfield>
    <subfield code="v">245.00</subfield>
    <subfield code="y">EN</subfield>
  </datafield>
  <datafield tag="952" ind1=" " ind2=" ">
    <subfield code="0">0</subfield>
    <subfield code="1">0</subfield>
    <subfield code="4">0</subfield>
    <subfield code="7">0</subfield>
    <subfield code="8">NFIC</subfield>
    <subfield code="a">AG</subfield>
    <subfield code="b">AG</subfield>
    <subfield code="d">2015-03-19</subfield>
    <subfield code="e">Techniz Books/TZ-14201/24.12.2014/189/08.12.2014/15.01.2015</subfield>
    <subfield code="g">245.00</subfield>
    <subfield code="l">0</subfield>
    <subfield code="o">510 LAK</subfield>
    <subfield code="p">B-589861</subfield>
    <subfield code="r">2015-03-19 00:00:00</subfield>
    <subfield code="t">1</subfield>
    <subfield code="v">245.00</subfield>
    <subfield code="y">EN</subfield>
  </datafield>
  <datafield tag="952" ind1=" " ind2=" ">
    <subfield code="0">0</subfield>
    <subfield code="1">0</subfield>
    <subfield code="4">0</subfield>
    <subfield code="7">0</subfield>
    <subfield code="8">NFIC</subfield>
    <subfield code="a">SP</subfield>
    <subfield code="b">SP</subfield>
    <subfield code="d">2015-03-19</subfield>
    <subfield code="e">Techniz Books/TZ-14201/24.12.2014/189/08.12.2014/15.01.2015</subfield>
    <subfield code="g">245.00</subfield>
    <subfield code="l">0</subfield>
    <subfield code="o">510 LAK</subfield>
    <subfield code="p">B-589862</subfield>
    <subfield code="r">2015-03-19 00:00:00</subfield>
    <subfield code="t">1</subfield>
    <subfield code="v">245.00</subfield>
    <subfield code="y">EN</subfield>
  </datafield>
  <datafield tag="952" ind1=" " ind2=" ">
    <subfield code="0">0</subfield>
    <subfield code="1">0</subfield>
    <subfield code="4">0</subfield>
    <subfield code="7">0</subfield>
    <subfield code="8">NFIC</subfield>
    <subfield code="a">ZLS</subfield>
    <subfield code="b">ZLS</subfield>
    <subfield code="d">2015-03-19</subfield>
    <subfield code="e">Techniz Books/TZ-14201/24.12.2014/189/08.12.2014/15.01.2015</subfield>
    <subfield code="g">245.00</subfield>
    <subfield code="l">2</subfield>
    <subfield code="m">1</subfield>
    <subfield code="o">510 LAK</subfield>
    <subfield code="p">B-589863</subfield>
    <subfield code="r">2022-06-22 00:00:00</subfield>
    <subfield code="s">2022-06-07</subfield>
    <subfield code="t">1</subfield>
    <subfield code="v">245.00</subfield>
    <subfield code="y">EN</subfield>
  </datafield>
  <datafield tag="952" ind1=" " ind2=" ">
    <subfield code="0">0</subfield>
    <subfield code="1">0</subfield>
    <subfield code="4">0</subfield>
    <subfield code="7">0</subfield>
    <subfield code="8">NFIC</subfield>
    <subfield code="a">VP</subfield>
    <subfield code="b">VP</subfield>
    <subfield code="d">2015-03-19</subfield>
    <subfield code="e">Techniz Books/TZ-14201/24.12.2014/189/08.12.2014/15.01.2015</subfield>
    <subfield code="g">245.00</subfield>
    <subfield code="l">13</subfield>
    <subfield code="m">3</subfield>
    <subfield code="o">510 LAK</subfield>
    <subfield code="p">B-589864</subfield>
    <subfield code="r">2025-05-21 00:00:00</subfield>
    <subfield code="s">2025-05-19</subfield>
    <subfield code="t">1</subfield>
    <subfield code="v">245.00</subfield>
    <subfield code="y">EN</subfield>
  </datafield>
  <datafield tag="952" ind1=" " ind2=" ">
    <subfield code="0">0</subfield>
    <subfield code="1">0</subfield>
    <subfield code="4">0</subfield>
    <subfield code="7">0</subfield>
    <subfield code="8">NFIC</subfield>
    <subfield code="a">BN</subfield>
    <subfield code="b">BN</subfield>
    <subfield code="d">2015-03-19</subfield>
    <subfield code="e">Techniz Books/TZ-14201/24.12.2014/189/08.12.2014/15.01.2015</subfield>
    <subfield code="g">245.00</subfield>
    <subfield code="l">16</subfield>
    <subfield code="m">6</subfield>
    <subfield code="o">510 LAK</subfield>
    <subfield code="p">B-589865</subfield>
    <subfield code="r">2024-06-22 00:00:00</subfield>
    <subfield code="s">2024-06-08</subfield>
    <subfield code="t">1</subfield>
    <subfield code="v">245.00</subfield>
    <subfield code="y">EN</subfield>
  </datafield>
  <datafield tag="952" ind1=" " ind2=" ">
    <subfield code="0">0</subfield>
    <subfield code="1">0</subfield>
    <subfield code="4">0</subfield>
    <subfield code="7">0</subfield>
    <subfield code="8">NFIC</subfield>
    <subfield code="a">NRR</subfield>
    <subfield code="b">NRR</subfield>
    <subfield code="d">2015-03-19</subfield>
    <subfield code="e">Techniz Books/TZ-14201/24.12.2014/189/08.12.2014/15.01.2015</subfield>
    <subfield code="g">245.00</subfield>
    <subfield code="l">1</subfield>
    <subfield code="o">510 LAK</subfield>
    <subfield code="p">B-589866</subfield>
    <subfield code="r">2023-06-09 00:00:00</subfield>
    <subfield code="s">2023-05-13</subfield>
    <subfield code="t">1</subfield>
    <subfield code="v">245.00</subfield>
    <subfield code="y">EN</subfield>
  </datafield>
  <datafield tag="952" ind1=" " ind2=" ">
    <subfield code="0">0</subfield>
    <subfield code="1">0</subfield>
    <subfield code="4">0</subfield>
    <subfield code="7">0</subfield>
    <subfield code="8">NFIC</subfield>
    <subfield code="a">BKK</subfield>
    <subfield code="b">BKK</subfield>
    <subfield code="d">2015-03-19</subfield>
    <subfield code="e">Techniz Books/TZ-14201/24.12.2014/189/08.12.2014/15.01.2015</subfield>
    <subfield code="g">245.00</subfield>
    <subfield code="l">0</subfield>
    <subfield code="o">510 LAK</subfield>
    <subfield code="p">B-589867</subfield>
    <subfield code="r">2015-03-19 00:00:00</subfield>
    <subfield code="t">1</subfield>
    <subfield code="v">245.00</subfield>
    <subfield code="y">EN</subfield>
  </datafield>
  <datafield tag="952" ind1=" " ind2=" ">
    <subfield code="0">0</subfield>
    <subfield code="1">0</subfield>
    <subfield code="4">0</subfield>
    <subfield code="7">0</subfield>
    <subfield code="8">NFIC</subfield>
    <subfield code="a">NR</subfield>
    <subfield code="b">NR</subfield>
    <subfield code="d">2015-03-19</subfield>
    <subfield code="e">Techniz Books/TZ-14201/24.12.2014/189/08.12.2014/15.01.2015</subfield>
    <subfield code="g">245.00</subfield>
    <subfield code="l">0</subfield>
    <subfield code="o">510 LAK</subfield>
    <subfield code="p">B-589868</subfield>
    <subfield code="r">2015-03-19 00:00:00</subfield>
    <subfield code="t">1</subfield>
    <subfield code="v">245.00</subfield>
    <subfield code="y">EN</subfield>
  </datafield>
  <datafield tag="952" ind1=" " ind2=" ">
    <subfield code="0">0</subfield>
    <subfield code="1">0</subfield>
    <subfield code="4">0</subfield>
    <subfield code="7">0</subfield>
    <subfield code="8">NFIC</subfield>
    <subfield code="a">BN</subfield>
    <subfield code="b">BN</subfield>
    <subfield code="d">2015-03-19</subfield>
    <subfield code="e">Techniz Books/TZ-14201/24.12.2014/189/08.12.2014/15.01.2015</subfield>
    <subfield code="g">245.00</subfield>
    <subfield code="l">12</subfield>
    <subfield code="o">510 LAK</subfield>
    <subfield code="p">B-589869</subfield>
    <subfield code="r">2023-08-08 00:00:00</subfield>
    <subfield code="s">2023-07-24</subfield>
    <subfield code="t">1</subfield>
    <subfield code="v">245.00</subfield>
    <subfield code="y">EN</subfield>
  </datafield>
  <datafield tag="952" ind1=" " ind2=" ">
    <subfield code="0">0</subfield>
    <subfield code="1">0</subfield>
    <subfield code="4">0</subfield>
    <subfield code="7">0</subfield>
    <subfield code="8">NFIC</subfield>
    <subfield code="a">KV</subfield>
    <subfield code="b">KV</subfield>
    <subfield code="d">2015-03-19</subfield>
    <subfield code="e">Techniz Books/TZ-14201/24.12.2014/189/08.12.2014/15.01.2015</subfield>
    <subfield code="g">245.00</subfield>
    <subfield code="l">0</subfield>
    <subfield code="o">510 LAK</subfield>
    <subfield code="p">B-589870</subfield>
    <subfield code="r">2015-03-19 00:00:00</subfield>
    <subfield code="t">1</subfield>
    <subfield code="v">245.00</subfield>
    <subfield code="y">EN</subfield>
  </datafield>
  <datafield tag="952" ind1=" " ind2=" ">
    <subfield code="0">0</subfield>
    <subfield code="1">0</subfield>
    <subfield code="4">0</subfield>
    <subfield code="7">0</subfield>
    <subfield code="8">NFIC</subfield>
    <subfield code="a">L</subfield>
    <subfield code="b">L</subfield>
    <subfield code="d">2015-03-19</subfield>
    <subfield code="e">Techniz Books/TZ-14201/24.12.2014/189/08.12.2014/15.01.2015</subfield>
    <subfield code="g">245.00</subfield>
    <subfield code="l">0</subfield>
    <subfield code="o">510 LAK</subfield>
    <subfield code="p">B-589871</subfield>
    <subfield code="r">2015-03-19 00:00:00</subfield>
    <subfield code="t">1</subfield>
    <subfield code="v">245.00</subfield>
    <subfield code="y">EN</subfield>
  </datafield>
  <datafield tag="952" ind1=" " ind2=" ">
    <subfield code="0">0</subfield>
    <subfield code="1">0</subfield>
    <subfield code="4">0</subfield>
    <subfield code="7">0</subfield>
    <subfield code="8">NFIC</subfield>
    <subfield code="a">MP</subfield>
    <subfield code="b">MP</subfield>
    <subfield code="d">2015-03-19</subfield>
    <subfield code="e">Techniz Books/TZ-14201/24.12.2014/189/08.12.2014/15.01.2015</subfield>
    <subfield code="g">245.00</subfield>
    <subfield code="l">0</subfield>
    <subfield code="o">510 LAK</subfield>
    <subfield code="p">B-589872</subfield>
    <subfield code="r">2015-03-19 00:00:00</subfield>
    <subfield code="t">1</subfield>
    <subfield code="v">245.00</subfield>
    <subfield code="y">EN</subfield>
  </datafield>
  <datafield tag="952" ind1=" " ind2=" ">
    <subfield code="0">0</subfield>
    <subfield code="1">3</subfield>
    <subfield code="4">0</subfield>
    <subfield code="7">0</subfield>
    <subfield code="8">NFIC</subfield>
    <subfield code="a">BL4</subfield>
    <subfield code="b">BL4</subfield>
    <subfield code="d">2015-03-19</subfield>
    <subfield code="e">Techniz Books/TZ-14201/24.12.2014/189/08.12.2014/15.01.2015</subfield>
    <subfield code="g">245.00</subfield>
    <subfield code="l">9</subfield>
    <subfield code="m">5</subfield>
    <subfield code="o">510 LAK</subfield>
    <subfield code="p">B-589873</subfield>
    <subfield code="r">2023-06-03 00:00:00</subfield>
    <subfield code="s">2023-03-16</subfield>
    <subfield code="t">1</subfield>
    <subfield code="v">245.00</subfield>
    <subfield code="y">EN</subfield>
    <subfield code="z">lost and paid for 06/096 </subfield>
  </datafield>
  <datafield tag="952" ind1=" " ind2=" ">
    <subfield code="0">0</subfield>
    <subfield code="1">0</subfield>
    <subfield code="4">0</subfield>
    <subfield code="7">0</subfield>
    <subfield code="8">NFIC</subfield>
    <subfield code="a">YV</subfield>
    <subfield code="b">YV</subfield>
    <subfield code="d">2015-03-19</subfield>
    <subfield code="e">Techniz Books/TZ-14201/24.12.2014/189/08.12.2014/15.01.2015</subfield>
    <subfield code="g">245.00</subfield>
    <subfield code="l">0</subfield>
    <subfield code="o">510 LAK</subfield>
    <subfield code="p">B-589874</subfield>
    <subfield code="r">2015-03-19 00:00:00</subfield>
    <subfield code="t">1</subfield>
    <subfield code="v">245.00</subfield>
    <subfield code="y">EN</subfield>
  </datafield>
  <datafield tag="952" ind1=" " ind2=" ">
    <subfield code="0">0</subfield>
    <subfield code="1">0</subfield>
    <subfield code="4">0</subfield>
    <subfield code="7">0</subfield>
    <subfield code="8">NFIC</subfield>
    <subfield code="a">BL4</subfield>
    <subfield code="b">BL4</subfield>
    <subfield code="d">2015-03-19</subfield>
    <subfield code="e">Techniz Books/TZ-14201/24.12.2014/189/08.12.2014/15.01.2015</subfield>
    <subfield code="g">245.00</subfield>
    <subfield code="l">3</subfield>
    <subfield code="m">1</subfield>
    <subfield code="o">510 LAK</subfield>
    <subfield code="p">B-589875</subfield>
    <subfield code="r">2019-08-26 00:00:00</subfield>
    <subfield code="s">2019-07-28</subfield>
    <subfield code="t">1</subfield>
    <subfield code="v">245.00</subfield>
    <subfield code="y">EN</subfield>
  </datafield>
  <datafield tag="952" ind1=" " ind2=" ">
    <subfield code="0">0</subfield>
    <subfield code="1">5</subfield>
    <subfield code="4">0</subfield>
    <subfield code="7">0</subfield>
    <subfield code="8">NFIC</subfield>
    <subfield code="a">RC</subfield>
    <subfield code="b">RC</subfield>
    <subfield code="d">2015-03-19</subfield>
    <subfield code="e">Techniz Books/TZ-14201/24.12.2014/189/08.12.2014/15.01.2015</subfield>
    <subfield code="g">245.00</subfield>
    <subfield code="l">0</subfield>
    <subfield code="o">510 LAK</subfield>
    <subfield code="p">B-589876</subfield>
    <subfield code="r">2015-03-19 00:00:00</subfield>
    <subfield code="t">1</subfield>
    <subfield code="v">245.00</subfield>
    <subfield code="y">EN</subfield>
  </datafield>
  <datafield tag="952" ind1=" " ind2=" ">
    <subfield code="0">0</subfield>
    <subfield code="1">0</subfield>
    <subfield code="4">0</subfield>
    <subfield code="7">0</subfield>
    <subfield code="8">NFIC</subfield>
    <subfield code="a">RC3</subfield>
    <subfield code="b">RC3</subfield>
    <subfield code="d">2015-03-19</subfield>
    <subfield code="e">Techniz Books/TZ-14201/24.12.2014/189/08.12.2014/15.01.2015</subfield>
    <subfield code="g">245.00</subfield>
    <subfield code="l">0</subfield>
    <subfield code="o">510 LAK</subfield>
    <subfield code="p">B-589877</subfield>
    <subfield code="r">2015-03-19 00:00:00</subfield>
    <subfield code="t">5</subfield>
    <subfield code="v">245.00</subfield>
    <subfield code="y">EN</subfield>
  </datafield>
  <datafield tag="952" ind1=" " ind2=" ">
    <subfield code="0">0</subfield>
    <subfield code="1">5</subfield>
    <subfield code="4">0</subfield>
    <subfield code="7">0</subfield>
    <subfield code="8">NFIC</subfield>
    <subfield code="a">RC3</subfield>
    <subfield code="b">RC3</subfield>
    <subfield code="d">2015-03-19</subfield>
    <subfield code="e">Techniz Books/TZ-14201/24.12.2014/189/08.12.2014/15.01.2015</subfield>
    <subfield code="g">245.00</subfield>
    <subfield code="l">0</subfield>
    <subfield code="o">510 LAK</subfield>
    <subfield code="p">B-589878</subfield>
    <subfield code="r">2015-03-19 00:00:00</subfield>
    <subfield code="t">5</subfield>
    <subfield code="v">245.00</subfield>
    <subfield code="y">EN</subfield>
  </datafield>
  <datafield tag="952" ind1=" " ind2=" ">
    <subfield code="0">0</subfield>
    <subfield code="1">0</subfield>
    <subfield code="4">0</subfield>
    <subfield code="7">0</subfield>
    <subfield code="8">NFIC</subfield>
    <subfield code="a">RC3</subfield>
    <subfield code="b">RC3</subfield>
    <subfield code="d">2015-03-19</subfield>
    <subfield code="e">Techniz Books/TZ-14201/24.12.2014/189/08.12.2014/15.01.2015</subfield>
    <subfield code="g">245.00</subfield>
    <subfield code="l">0</subfield>
    <subfield code="o">510 LAK</subfield>
    <subfield code="p">B-589879</subfield>
    <subfield code="r">2015-03-19 00:00:00</subfield>
    <subfield code="t">5</subfield>
    <subfield code="v">245.00</subfield>
    <subfield code="y">EN</subfield>
  </datafield>
  <datafield tag="952" ind1=" " ind2=" ">
    <subfield code="0">0</subfield>
    <subfield code="1">0</subfield>
    <subfield code="4">0</subfield>
    <subfield code="7">0</subfield>
    <subfield code="8">NFIC</subfield>
    <subfield code="a">RC3</subfield>
    <subfield code="b">RC3</subfield>
    <subfield code="d">2015-03-19</subfield>
    <subfield code="e">Techniz Books/TZ-14201/24.12.2014/189/08.12.2014/15.01.2015</subfield>
    <subfield code="g">245.00</subfield>
    <subfield code="l">0</subfield>
    <subfield code="o">510 LAK</subfield>
    <subfield code="p">B-589880</subfield>
    <subfield code="r">2015-03-19 00:00:00</subfield>
    <subfield code="t">5</subfield>
    <subfield code="v">245.00</subfield>
    <subfield code="y">EN</subfield>
  </datafield>
  <datafield tag="952" ind1=" " ind2=" ">
    <subfield code="0">0</subfield>
    <subfield code="1">0</subfield>
    <subfield code="4">0</subfield>
    <subfield code="7">0</subfield>
    <subfield code="8">NFIC</subfield>
    <subfield code="a">RC3</subfield>
    <subfield code="b">RC3</subfield>
    <subfield code="d">2015-03-19</subfield>
    <subfield code="e">Techniz Books/TZ-14201/24.12.2014/189/08.12.2014/15.01.2015</subfield>
    <subfield code="g">245.00</subfield>
    <subfield code="l">0</subfield>
    <subfield code="o">510 LAK</subfield>
    <subfield code="p">B-589881</subfield>
    <subfield code="r">2015-03-19 00:00:00</subfield>
    <subfield code="t">5</subfield>
    <subfield code="v">245.00</subfield>
    <subfield code="y">EN</subfield>
  </datafield>
  <datafield tag="952" ind1=" " ind2=" ">
    <subfield code="0">0</subfield>
    <subfield code="1">5</subfield>
    <subfield code="4">0</subfield>
    <subfield code="7">0</subfield>
    <subfield code="8">NFIC</subfield>
    <subfield code="a">RC4</subfield>
    <subfield code="b">RC4</subfield>
    <subfield code="d">2015-03-19</subfield>
    <subfield code="e">Techniz Books/TZ-14201/24.12.2014/189/08.12.2014/15.01.2015</subfield>
    <subfield code="g">245.00</subfield>
    <subfield code="l">0</subfield>
    <subfield code="o">510 LAK</subfield>
    <subfield code="p">B-589882</subfield>
    <subfield code="r">2015-03-19 00:00:00</subfield>
    <subfield code="t">3</subfield>
    <subfield code="v">245.00</subfield>
    <subfield code="y">EN</subfield>
  </datafield>
  <datafield tag="952" ind1=" " ind2=" ">
    <subfield code="0">0</subfield>
    <subfield code="1">0</subfield>
    <subfield code="4">0</subfield>
    <subfield code="7">0</subfield>
    <subfield code="8">NFIC</subfield>
    <subfield code="a">RC4</subfield>
    <subfield code="b">RC4</subfield>
    <subfield code="d">2015-03-19</subfield>
    <subfield code="e">Techniz Books/TZ-14201/24.12.2014/189/08.12.2014/15.01.2015</subfield>
    <subfield code="g">245.00</subfield>
    <subfield code="l">0</subfield>
    <subfield code="o">510 LAK</subfield>
    <subfield code="p">B-589883</subfield>
    <subfield code="r">2015-03-19 00:00:00</subfield>
    <subfield code="t">3</subfield>
    <subfield code="v">245.00</subfield>
    <subfield code="y">EN</subfield>
  </datafield>
  <datafield tag="952" ind1=" " ind2=" ">
    <subfield code="0">4</subfield>
    <subfield code="1">0</subfield>
    <subfield code="4">0</subfield>
    <subfield code="7">0</subfield>
    <subfield code="8">NFIC</subfield>
    <subfield code="a">RC4</subfield>
    <subfield code="b">RC4</subfield>
    <subfield code="d">2015-03-19</subfield>
    <subfield code="e">Techniz Books/TZ-14201/24.12.2014/189/08.12.2014/15.01.2015</subfield>
    <subfield code="g">245.00</subfield>
    <subfield code="l">0</subfield>
    <subfield code="o">510 LAK</subfield>
    <subfield code="p">B-589884</subfield>
    <subfield code="r">2015-03-19 00:00:00</subfield>
    <subfield code="t">3</subfield>
    <subfield code="v">245.00</subfield>
    <subfield code="y">EN</subfield>
    <subfield code="z">Written off vide C-30021/05/2022/Estt./110
dt.07.11.22   
</subfield>
  </datafield>
  <datafield tag="952" ind1=" " ind2=" ">
    <subfield code="0">0</subfield>
    <subfield code="1">3</subfield>
    <subfield code="4">0</subfield>
    <subfield code="7">0</subfield>
    <subfield code="8">NFIC</subfield>
    <subfield code="a">AV</subfield>
    <subfield code="b">AV</subfield>
    <subfield code="d">2017-07-06</subfield>
    <subfield code="e">BPPD/EN/2014-15/AV/16-17/434/15.2.2017/17435/24.2.2017/ 18.3.2017</subfield>
    <subfield code="g">245.00</subfield>
    <subfield code="l">9</subfield>
    <subfield code="m">4</subfield>
    <subfield code="o">510 LAK</subfield>
    <subfield code="p">B-668098</subfield>
    <subfield code="r">2025-01-21 00:00:00</subfield>
    <subfield code="s">2025-01-09</subfield>
    <subfield code="t">1</subfield>
    <subfield code="v">245.00</subfield>
    <subfield code="w">2017-07-06</subfield>
    <subfield code="y">EN</subfield>
    <subfield code="z">085/48 dated 
21/01/2025 b-668098 amount 245 </subfield>
  </datafield>
</record>
